000 00498nam a2200193Ia 4500
008 101110s9999 xx 000 0 und d
041 _aENGLISH
082 _bSR9349
_a332.1
100 _aKale Karnavat
245 _aPrinciples of Banking and Indian Banks
365 _b15
520 _aCommerce
546 _aENGLISH
630 _aPrinciples of Banking and Indian Banks
650 _aCommerce
655 _aCommerce
730 _aPrinciples of Banking and Indian Banks
942 _cBOOK
999 _c804547
_d804544